| 000 | 00742nam a22002177a 4500 | ||
|---|---|---|---|
| 003 | 0 | ||
| 005 | 20250916104733.0 | ||
| 008 | 250915b xxu||||| |||| 00| 0 eng d | ||
| 020 | _a978-1-83683-172-3 | ||
| 050 |
_aTK 5103.7 _b.W55 2025 |
||
| 100 |
_aWilder, August, _eauthor. |
||
| 245 |
_aDigital techniques for wideband receivers / _cAugust Wilder. |
||
| 250 | _aFirst edition. | ||
| 260 |
_aLondon: UK : _bVintage Press Ltd., _c2025. |
||
| 300 |
_aix, 288 pages : _bcolored illustrations ; _c24 cm. |
||
| 504 | _aIncludes bibliographical references and index. | ||
| 650 |
_aRadio receivers _xDesign and construction. |
||
| 650 | _aWideband communication systems. | ||
| 650 |
_aSignal processing _xDigital techniques. |
||
| 942 |
_2lcc _cBK |
||
| 999 |
_c367953 _d367953 |
||